Ivan Konevskoi : (Record no. 72235)

MARC details
000 -LEADER
fixed length control field 03556nam a22004575i 4500
005 - DATE AND TIME OF LATEST TRANSACTION
control field 20230718140510.0
006 - FIXED-LENGTH DATA ELEMENTS--ADDITIONAL MATERIAL CHARACTERISTICS
fixed length control field m|||||o||d||||||||
007 - PHYSICAL DESCRIPTION FIXED FIELD--GENERAL INFORMATION
fixed length control field cr || ||||||||
008 - FIXED-LENGTH DATA ELEMENTS--GENERAL INFORMATION
fixed length control field 221201t20172010mau fo d z eng d
020 ## - INTERNATIONAL STANDARD BOOK NUMBER
International Standard Book Number 9781618117014
040 ## - CATALOGING SOURCE
Original cataloging agency DE-B1597
Language of cataloging eng
Transcribing agency DE-B1597
Description conventions rda
041 0# - LANGUAGE CODE
Language code of text/sound track or separate title eng
050 #4 - LIBRARY OF CONGRESS CALL NUMBER
Classification number PG3467.O6
Item number Z67 2010
082 04 - DEWEY DECIMAL CLASSIFICATION NUMBER
Classification number 891.71/3
100 1# - MAIN ENTRY--PERSONAL NAME
Personal name Grossman, Joan Delaney,
Relator term author.
Relator code aut
-- http://id.loc.gov/vocabulary/relators/aut
245 10 - TITLE STATEMENT
Title Ivan Konevskoi :
Remainder of title "Wise Child" of Russian Symbolism /
Statement of responsibility, etc. Joan Delaney Grossman.
264 #1 - PRODUCTION, PUBLICATION, DISTRIBUTION, MANUFACTURE, AND COPYRIGHT NOTICE
Place of production, publication, distribution, manufacture Boston, MA :
Name of producer, publisher, distributor, manufacturer Academic Studies Press,
Date of production, publication, distribution, manufacture, or copyright notice [2017]
264 #4 - PRODUCTION, PUBLICATION, DISTRIBUTION, MANUFACTURE, AND COPYRIGHT NOTICE
Date of production, publication, distribution, manufacture, or copyright notice ©2010
300 ## - PHYSICAL DESCRIPTION
Extent 1 online resource (276 p.)
336 ## - CONTENT TYPE
Content type term text
Content type code txt
Source rdacontent
337 ## - MEDIA TYPE
Media type term computer
Media type code c
Source rdamedia
338 ## - CARRIER TYPE
Carrier type term online resource
Carrier type code cr
Source rdacarrier
347 ## - DIGITAL FILE CHARACTERISTICS
File type text file
Encoding format PDF
Source rda
490 0# - SERIES STATEMENT
Series statement Studies in Russian and Slavic Literatures, Cultures, and History
505 00 - FORMATTED CONTENTS NOTE
Title Frontmatter --
-- Contents --
-- Key to frequently used abbreviations --
-- Introduction --
-- Chapter 1. The Drive for Life --
-- Chapter 2. Chronicle of My Travels --
-- Chapter 3. A Love Affair with the World's Waters --
-- Chapter 4. Two Meetings --
-- Chapter 5. "Dreams and Meditations" --
-- Chapter 6. The Power of the Word --
-- Chapter 7. "Abolishing Death" (1) --
-- Chapter 8. Finland, Novgorod, St. Petersburg --
-- Chapter 9. Abolishing Death (2) --
-- Afterword
506 0# - RESTRICTIONS ON ACCESS NOTE
Standardized terminology for access restriction unrestricted online access
Source of term star
520 ## - SUMMARY, ETC.
Summary, etc. Ivan Konevskoi: "Wise Child" of Russian Symbolism is the first study in any language of Ivan Konevskoi -- poet, thinker, mystic- - for many decades the "lost genius" of Russian modernism. A fresh and compelling figure, Konevskoi plunged deeply into the currents of modern mystical thought and art in the 1890s. A passionate searcher for immortality, he developed his own version of pantheism meant to guard his unique persona from dissolution in the All-One. The poetry of Tiutchev, Vladimir Solov'ev Soloviev and Rossetti, William James's psychology, paintings of Pre-Raphaelites and Arnold Boecklin, Old Russian historical myth, the Finnish Kalevala: all engaged him during his brief life. His worldview grew more audacious, his confidence in the magical power of the word grew more assured. Drowning in 1901 at 23, Konevskoi left a legacy unfinished, rich, and intriguing.
536 ## - FUNDING INFORMATION NOTE
Text of note funded by National Endowment for the Humanities and The Andrew W. Mellon Foundation Humanities Open Book Program
538 ## - SYSTEM DETAILS NOTE
System details note Mode of access: Internet via World Wide Web.
540 ## - TERMS GOVERNING USE AND REPRODUCTION NOTE
Terms governing use and reproduction This eBook is made available Open Access under a CC BY-NC 4.0 license:
Uniform Resource Identifier <a href="https://creativecommons.org/licenses/by-nc/4.0 ">https://creativecommons.org/licenses/by-nc/4.0 </a>
-- <a href="https://www.degruyter.com/dg/page/open-access-policy">https://www.degruyter.com/dg/page/open-access-policy</a>
546 ## - LANGUAGE NOTE
Language note In English.
588 0# - SOURCE OF DESCRIPTION NOTE
Source of description note Description based on online resource; title from PDF title page (publisher's Web site, viewed 01. Dez 2022)
650 #0 - SUBJECT ADDED ENTRY--TOPICAL TERM
Topical term or geographic name entry element Poets, Russian
Chronological subdivision 19th century
Form subdivision Biography.
650 #0 - SUBJECT ADDED ENTRY--TOPICAL TERM
Topical term or geographic name entry element Symbolism (Literary movement)
Geographic subdivision Russia.
650 #7 - SUBJECT ADDED ENTRY--TOPICAL TERM
Topical term or geographic name entry element BIOGRAPHY & AUTOBIOGRAPHY / Literary.
Source of heading or term bisacsh
710 2# - ADDED ENTRY--CORPORATE NAME
Corporate name or jurisdiction name as entry element National Endowment for the Humanities and The Andrew W. Mellon Foundation Humanities Open Book Program
Relator term funder.
Relator code fnd
-- http://id.loc.gov/vocabulary/relators/fnd
856 40 - ELECTRONIC LOCATION AND ACCESS
Uniform Resource Identifier <a href="https://doi.org/10.1515/9781618117014?locatt=mode:legacy">https://doi.org/10.1515/9781618117014?locatt=mode:legacy</a>
Public note Open Access
-- 0
856 40 - ELECTRONIC LOCATION AND ACCESS
Uniform Resource Identifier <a href="https://www.degruyter.com/isbn/9781618117014">https://www.degruyter.com/isbn/9781618117014</a>
Public note Open Access
-- 0
856 42 - ELECTRONIC LOCATION AND ACCESS
Materials specified Cover
Uniform Resource Identifier <a href="https://www.degruyter.com/document/cover/isbn/9781618117014/original">https://www.degruyter.com/document/cover/isbn/9781618117014/original</a>
942 ## - ADDED ENTRY ELEMENTS (KOHA)
Koha item type E-Book
Holdings
Withdrawn status Damaged status Not for loan Home library Current library Date acquired Total Checkouts Date last seen Price effective from Koha item type
      De Gruyter De Gruyter 12/29/2022   12/29/2022 12/29/2022 E-Book

University of Rizal System
Email us at univlibservices@urs.edu.ph

Visit our Website www.urs.edu.ph/library